Genetic variability in the Florida manatee (<Trichechus manatus>) (Registro nro. 9463)

Detalles MARC
000 -CABECERA
Campo de control 005850000a22001810004500
090 ## - CLASIFICACIÓN LOCAL
Colección AR
Consecutivo 00365
041 0# - IDIOMA
Código de idioma para texto/pista de sonido o título separado
100 1# - ASIENTO PRINCIPAL--NOMBRE PERSONAL
Nombre personal McClenachan, Leroy R.
245 10 - MENCION DE TITULO
Título Genetic variability in the Florida manatee (<Trichechus manatus>)
650 14 - ASIENTO SECUNDARIO DE MATERIA - TERMINO TEMATICO
Término temático o nombre geográfico como elemento de entrada Mamíferos acuáticos
650 14 - ASIENTO SECUNDARIO DE MATERIA - TERMINO TEMATICO
Término temático o nombre geográfico como elemento de entrada Evolución
650 14 - ASIENTO SECUNDARIO DE MATERIA - TERMINO TEMATICO
Término temático o nombre geográfico como elemento de entrada Variación genética
651 #4 - ASIENTO SECUNDARIO DE MATERIA - NOMBRE GEOGRAFICO
-- Florida
-- Estados Unidos
653 ## - TERMINO DE INDIZACION - NO CONTROLADO
-- Trichechus
-- Trichechus manatus
-- Manati
700 1# - ASIENTO SECUNDARIO - NOMBRE PERSONAL
Nombre personal O'Shea, Thomas J.
773 1# - Item fuente:
Título Journal of Mammalogy
Especificación de materiales 106
Descripción física 3
Paginas del Articulo 481-488
Lugar, editorial y fecha de publicación 1988
Información sobre la relación 68
942 ## - ELEMENTOS ADICIONALES (KOHA)
Tipo de ítem Artículo
Existencias
Withdrawn status Lost status Damaged status No para préstamo Colección Ubicación Permanente Ubicación actual Fecha de adquisición Datos de publicación Seriada Total Checkouts Número topográfico Inventario / Código de Barras Date last seen Ejemplar Price effective from Forma de adquisición Tipo de material
      No para Préstamo Hemeroteca Bogotá Bogotá 27/02/2015 Fuera de circulación   AR 00365 010619 25/03/2015 1 25/03/2015   Artículo